|
|
|
|
| LEADER |
01143pam a22002778a 4500 |
| 001 |
00030830 |
| 005 |
20171026081025.0 |
| 008 |
130808s2007 ||||||viesd |
| 020 |
|
|
|c 124000
|
| 041 |
0 |
# |
|a vie
|
| 082 |
1 |
# |
|a 398.209 597
|b T527T
|
| 100 |
0 |
# |
|a Nguyễn, Thị Huế
|e Biên soạn, tuyển chọn
|
| 245 |
0 |
0 |
|a Tuyển tập văn học dân gian Việt Nam
|c Nguyễn Thị Huế, Trần Thị An (biên soạn, tuyển chọn)
|n Tập 1
|p Thấn thoại- truyền thuyết
|
| 250 |
# |
# |
|a Tái bản lần thứ hai
|
| 260 |
# |
# |
|a Hà Nội
|b Giáo Dục
|c 2007
|
| 300 |
# |
# |
|a 623tr.
|c 24 cm.
|
| 500 |
# |
# |
|a Đầu bìa sách ghi: Trung tâm Khoa học xã hội và nhân văn quốc gia. Viện Văn học
|
| 653 |
# |
# |
|a Thần thoại
|
| 653 |
# |
# |
|a Truyền thuyết
|
| 653 |
# |
# |
|a Việt Nam
|
| 653 |
# |
# |
|a Văn học dân gian
|
| 700 |
1 |
# |
|a Trần, Thị An
|e Biên soạn, tuyển chọn
|
| 852 |
# |
# |
|b Kho đọc
|j KD.0014748
|
| 852 |
# |
# |
|j KD.0014748
|
| 910 |
|
|
|d 8/2013
|
| 980 |
# |
# |
|a Trung tâm Học liệu Lê Vũ Hùng, Trường Đại học Đồng Tháp
|